Software Development On The SAP HANA Platform (Record no. 333998)

MARC details
000 -LEADER
fixed length control field 00513nam a2200169Ia 4500
008 - FIXED-LENGTH DATA ELEMENTS--GENERAL INFORMATION
fixed length control field 230718s9999 xx 000 0 und d
020 ## - INTERNATIONAL STANDARD BOOK NUMBER
International Standard Book Number 9789351102779
041 ## - LANGUAGE CODE
Language code of text/sound track or separate title eng
082 ## - DEWEY DECIMAL CLASSIFICATION NUMBER
Classification number 005.74
Item number WAL
100 ## - MAIN ENTRY--PERSONAL NAME
Personal name Walker M.
9 (RLIN) 194151
245 ## - TITLE STATEMENT
Title Software Development On The SAP HANA Platform
Remainder of title Unlock The True Potential Of The SAP HANA Platform
260 ## - PUBLICATION, DISTRIBUTION, ETC. (IMPRINT)
Date of publication, distribution, etc. 2013
Name of publisher, distributor, etc. Packt/SPD
300 ## - PHYSICAL DESCRIPTION
Extent 310
365 ## - TRADE PRICE
Currency code Rs.
Price amount 600.00
700 ## - ADDED ENTRY--PERSONAL NAME
Personal name Walker M.
9 (RLIN) 194151
906 ## - LOCAL DATA ELEMENT F, LDF (RLIN)
d O:0352714-Nov-2013B:431312-Oct-2013
c COMP
b 132
Holdings
Withdrawn status Lost status Damaged status Not for loan Home library Current library Date acquired Vendor Budget Code Cost, normal purchase price Bill number Total Checkouts Full call number Barcode Date last seen Discount Cost, replacement price Bill Date Koha item type Original Barcode
        Cummins College of Engineering for Women Pune Cummins College of Engineering for Women Pune 14/11/2013 Technical Book Services COMP 468.00 4313   005.74 CCEP-BK-45205 18/07/2023 132 600.00 12/10/2013 Books 045205